MARC

LEADER 00000nam0a2200000 4500
001 249423
005 20231101232455.0
010 |a 5020007285 
035 |a (RuTPU)RU\TPU\book\271508 
090 |a 249423 
100 |a 20140205d1988 k y0rusy50 ca 
101 0 |a rus 
102 |a RU 
105 |a a z 001zy 
200 1 |a Волновая диагностика приземной плазмы  |f Я. И. Лихтер [и др.]  |g Академия наук СССР (АН СССР), Институт земного магнетизма, ионосферы и распространения радиоволн (ИЗМИРАН) ; под ред. О. А. Молчанова ; В. Н. Ораевского 
210 |a Москва  |c Наука  |d 1988 
215 |a 215 с.  |c ил. 
320 |a Библиогр.: с. 196-213. 
606 1 |a Ионосфера  |x Исследование  |x (геофизика)  |2 stltpush  |3 (RuTPU)RU\TPU\subj\66303  |9 82508 
610 1 |a приземная плазма 
610 1 |a волновая диагностика 
610 1 |a физические основы 
610 1 |a высокочастотные методы 
610 1 |a ОНЧ-волны 
610 1 |a КНЧ/ОНЧ излучения 
610 1 |a магнитосферная плазма 
610 1 |a шумовые излучения 
610 1 |a магнитоактивная плазма 
610 1 |a динамические процессы 
610 1 |a геомагнитные пульсации 
610 1 |a плазменно-волновые взаимодействия 
675 |a 550.388  |v 3 
701 1 |a Лихтер  |b Я. И.  |g Яков Иосифович 
701 1 |a Гульельми  |b А. В.  |g Анатолий Владимирович 
701 1 |a Ерухимов  |b Л. М.  |g Лев Михайлович 
701 1 |a Михайлова  |b Г. А.  |g Галина Анатольевна 
702 1 |a Молчанов  |b О. А.  |4 340 
702 1 |a Ораевский  |b В. Н.  |4 340 
712 0 2 |a Академия наук СССР (АН СССР)  |b Институт земного магнетизма, ионосферы и распространения радиоволн (ИЗМИРАН)  |2 stltpush  |3 (RuTPU)RU\TPU\col\12157 
801 1 |a RU  |b 63413507  |c 20140205 
801 2 |a RU  |b 63413507  |c 20140220  |g RCR 
942 |c BK